European Championship u-21 play off england v croatia 2015 - Statistics

General Stats
  • This quiz has been taken 12 times
  • The average score is 4 of 13
Answer Stats
Answer % Correct
gk Stoke Butland
75%
LB Man Utd Shaw
63%
CB Tottenham Dier
50%
STR Tottenham Kane
50%
STR WBA Berahino
25%
MID Tottenham Carroll
25%
MID Derby Hughes
25%
MID Hull Ince
13%
RB Man Utd Keane
13%
MID Norwich Redmond
13%
MID Brighton Forster-Caskey
0%
CB Middlesbrough Gibson
0%
CB Leicester Moore
0%
No matching quizzes found
Score Distribution
Percent of People with Each Score
Percentile by Number Answered
Your Score History
You have not taken this quiz